Statistics for Fastest Growing Cities in Canada

Click here to take the quiz!

General Stats

  • This quiz has been taken 32 times
  • The average score is 13 of 20

Answer Stats

Population ChangeAnswer% Correct
2.
+ 67,564Calgary
100%
5.+ 58,255Montreal
100%
4.+ 62,785Toronto
100%
10.+ 32,436Hamilton
94%
1.+ 83,206Ottawa
94%
11.+ 30,762Vancouver
94%
9.+ 36,688Halifax
90%
7.+ 44,363Winnipeg
90%
15.+ 17,557Quebec
84%
8.+ 38,502London
81%
19.+ 15,925Oshawa
58%
3.
+ 62,842Brampton
55%
12.+ 23,663Kitchener
55%
6.+ 50,435Surrey
39%
17.+ 16,450Waterloo
39%
16.+ 16,870Vaughan
35%
14.+ 19,927Oakville
32%
18.+ 16,370Burnaby
29%
20.+ 15,373Laval
29%
13.+ 22,851Milton
16%

Score Distribution

Percentile by Number Answered

Percent of People with Each Score

Your Score History

You have not taken this quiz